<?xml version="1.0" encoding="UTF-8"?><?xml-stylesheet type="text/xsl" href="static/style.xsl"?><OAI-PMH xmlns="http://www.openarchives.org/OAI/2.0/" xmlns:xsi="http://www.w3.org/2001/XMLSchema-instance" xsi:schemaLocation="http://www.openarchives.org/OAI/2.0/ http://www.openarchives.org/OAI/2.0/OAI-PMH.xsd"><responseDate>2026-06-05T15:46:08Z</responseDate><request verb="GetRecord" identifier="oai:riuma.uma.es:10630/36586" metadataPrefix="marc">https://riuma.uma.es/rest/oai/request</request><GetRecord><record><header><identifier>oai:riuma.uma.es:10630/36586</identifier><datestamp>2026-02-03T11:17:42Z</datestamp><setSpec>com_10630_2254</setSpec><setSpec>col_10630_37953</setSpec></header><metadata><record xmlns="http://www.loc.gov/MARC21/slim" xmlns:dcterms="http://purl.org/dc/terms/" xmlns:doc="http://www.lyncode.com/xoai" xmlns:xsi="http://www.w3.org/2001/XMLSchema-instance" xsi:schemaLocation="http://www.loc.gov/MARC21/slim http://www.loc.gov/standards/marcxml/schema/MARC21slim.xsd">
   <leader>00925njm 22002777a 4500</leader>
   <datafield ind2=" " ind1=" " tag="042">
      <subfield code="a">dc</subfield>
   </datafield>
   <datafield ind2=" " ind1=" " tag="720">
      <subfield code="a">Molina-Ramírez, Sergio</subfield>
      <subfield code="e">author</subfield>
   </datafield>
   <datafield ind2=" " ind1=" " tag="720">
      <subfield code="a">Cortés-Reyes, Marina</subfield>
      <subfield code="e">author</subfield>
   </datafield>
   <datafield ind2=" " ind1=" " tag="720">
      <subfield code="a">Herrera-Delgado, María Concepción</subfield>
      <subfield code="e">author</subfield>
   </datafield>
   <datafield ind2=" " ind1=" " tag="720">
      <subfield code="a">Larrubia-Vargas, María Ángeles</subfield>
      <subfield code="e">author</subfield>
   </datafield>
   <datafield ind2=" " ind1=" " tag="720">
      <subfield code="a">Alemany-Arrebola, Luis José</subfield>
      <subfield code="e">author</subfield>
   </datafield>
   <datafield ind2=" " ind1=" " tag="260">
      <subfield code="c">2021-07-22</subfield>
   </datafield>
   <datafield ind2=" " ind1=" " tag="520">
      <subfield code="a">n-Butanol is used in a wide range of applications and recently, the use of n-butanol as a fuel, which can be employed pure or blended with gasoline or diesel, has been proposed. So, in an attempt to deepen in the one-step catalytic process to produce n-butanol from ethanol, bifunctional catalysts in different chemical/spatial environment as MgAl- and CaFeMg-multioxide catalysts were developed, prepared and characterized. Both mixed oxides were obtained by thermal decomposition of the synthesized hydrotalcites considering the partial substitution of Mg 2+ and Al 3+ by Ca 2+ and Fe 3+ , namely MgAl-Ox and Ca basic properties of the samples were analyzed employing NH 3 and CO 20 2 Fe 20 MgAl-Ox. The nature of acid and as probe molecules, and TPD analysis were performed to quantify the relative contribution of acidic/basic sites. Ca 20 Fe 20 MgAl-Ox sample presented an improved basicity with minimal acidity reduction. The performances of the activated catalysts were measured in a fixed-bed reactor under transient and continuous operation modes by DRIFT-MS studies and under transient pulse experiments. It was verified that both catalysts, but specially Ca 20 C 4 Fe 20 MgAl-Ox, promote the synthesis of -compounds from ethanol due to the modulated acid and basic sites capable of modify the ethanol adsorption in the form of ethoxy-species and a combined higher basicity with centers to catalyze the hydrogenation using the ethanol as the hydrogen donor. Ca 20 71% at 400 ◦ Fe 20 MgAl-Ox reached ethanol conversion values of 36% at 280 C with a higher selectivity to n-butanol and other C 4 ◦ C and -compounds. Two parallel routes at differentiated temperatures: direct acetaldehyde self-condensation and the intermediary crotyl alcohol transfer hydrogenation, were evidenced and prevailing in n-butanol formation.</subfield>
   </datafield>
   <datafield ind1="8" ind2=" " tag="024">
      <subfield code="a">S. Molina-Ramírez, M. Cortés-Reyes, C. Herrera, M.A. Larrubia, L.J. Alemany, Catalytic upgrading of ethanol to n-butanol over a novel Ca-Fe modified mixed oxide Mg-Al catalyst from hydrotalcite-base precursor, Catalysis Today, Volumes 394–396, 2022, Pages 365-375, ISSN 0920-5861, https://doi.org/10.1016/j.cattod.2021.07.029. (https://www.sciencedirect.com/science/article/pii/S0920586121003448)</subfield>
   </datafield>
   <datafield ind1="8" ind2=" " tag="024">
      <subfield code="a">https://hdl.handle.net/10630/36586</subfield>
   </datafield>
   <datafield ind1="8" ind2=" " tag="024">
      <subfield code="a">10.1016/j.cattod.2021.07.029</subfield>
   </datafield>
   <datafield tag="653" ind2=" " ind1=" ">
      <subfield code="a">Catálisis</subfield>
   </datafield>
   <datafield ind2="0" ind1="0" tag="245">
      <subfield code="a">Catalytic upgrading of ethanol to n-butanol over a novel Ca-Fe modified mixed oxide Mg-Al catalyst from hydrotalcite-base precursor</subfield>
   </datafield>
</record>
</metadata></record></GetRecord></OAI-PMH>